000 01497nam0a2200325 4500
001 RU\NLR\BIBL_A\012518945
005 20250624055037.0
021 _aRU
_b2020-86418
_9КН-П-6575
035 _a(RuMoRGB)010533422
035 _a(NLR Aleph) 012518945
090 _a12314885
_c12314885
100 _a20210517d2020 |||y0rusy50 ca
101 0 _aeng
102 _aRU
105 _aa z 000zy
200 1 _aˆThe ‰cultural heritage sites VDNH, 1939-2019
_f[chief editor: Anton Grigoriev]
210 _aМосква
_cОСТ ПАК новые технологии
_d2020
215 _a105 с.
_cил., цв. ил.
_d30
541 1 _aОбъекты культурного наследия ВДНХ, 1939-2019 гг.
601 0 2 _aВыставка достижений народного хозяйства
_cМосква, город
_xПавильоны
_xАрхитектура
_92360054
_3RU\NLR\AUTH\6601631784
601 0 2 _aВыставка достижений народного хозяйства
_cМосква, город
_92244551
_3RU\NLR\AUTH\6601577781
686 1 _aЩ113(2Р=Рус)92Москва7
686 1 _aУ9(2)л6
702 1 _4340
_7ba
_8rus
_aGrigor'ev
_bA. A.
_cлитератор, история ВДНХ
_gAnton A.
_9230522
_3RU\NLR\AUTH\770230578
711 0 2 _7ba
_8eng
_aExhibition of achievements of national economy
_cMoscow
_9746739
_3RU\NLR\AUTH\880541305
942 _cBOOK
980 _aNB